| 000 | 00366nam a2200145Ia 4500 | ||
|---|---|---|---|
| 008 | 230917s9999||||xx |||||||||||||| ||und|| | ||
| 040 |
_e139755 _aMAIN |
||
| 041 | _aEnglish | ||
| 082 | _a370.06 R18W | ||
| 100 | _aRao, Digumarti Bhaskara | ||
| 245 | 0 | _aWorld Conference on education for all | |
| 260 |
_aNew Delhi _bA P H _c2002 |
||
| 300 | _a379p. p. | ||
| 942 | _cBK | ||
| 999 |
_c93461 _d93461 |
||